[Event "Helsingor Xtracon op"]
[Site "Helsingor"]
[Date "2017.07.30"]
[Round "10"]
[White "Christensen, John Christoffer H"]
[Black "Merkesvik, Amalie Isabel"]
[Result "0-1"]
[WhiteElo "1603"]
[BlackElo "1754"]
[PlyCount "48"]
[EventDate "2017.07.22"]
[EventType "swiss"]
[EventRounds "10"]
[EventCountry "DEN"]
[SourceTitle "CBM 179 Extra"]
[Source "ChessBase"]
[SourceDate "2017.08.23"]
[SourceVersion "1"]
[SourceVersionDate "2017.08.23"]
[SourceQuality "1"]

1. e4 c5 2. Nf3 d6 3. d4 cxd4 4. Nxd4 Nf6 5. Nc3 a6 6. Bc4 e6 7. Bb3 b5 8. Bg5 Be7 9. Bxf6 Bxf6 10. 0-0 0-0 11. a3 Bb7 12. Qd2 Qb6 13. Rfd1 Rd8 14. Kf1 Nd7 15. f3 Nc5 16. Rac1 h6 17. Ra1 d5 18. exd5 Nxb3 19. Nxb3 Bxd5 20. Qf2 Bc4+ 21. Ke1 Bxc3+ 22. bxc3 Qc7 23. Qc5 Qxh2 24. Qf2 Qh1+ 0-1

[Event "Helsingor Xtracon op"]
[Site "Helsingor"]
[Date "2017.07.28"]
[Round "8"]
[White "Hina, Ariza"]
[Black "Merkesvik, Amalie Isabel"]
[Result "0-1"]
[WhiteElo "1555"]
[BlackElo "1754"]
[PlyCount "50"]
[EventDate "2017.07.22"]
[EventType "swiss"]
[EventRounds "10"]
[EventCountry "DEN"]
[SourceTitle "CBM 179 Extra"]
[Source "ChessBase"]
[SourceDate "2017.08.23"]
[SourceVersion "1"]
[SourceVersionDate "2017.08.23"]
[SourceQuality "1"]

1. e4 c5 2. Nc3 d6 3. f4 e6 4. Nf3 Nf6 5. Bb5+ Nbd7 6. 0-0 a6 7. Bxd7+ Nxd7 8. d4 cxd4 9. Nxd4 Be7 10. Kh1 0-0 11. f5 e5 12. Nf3 b5 13. Nd5 Bb7 14. Be3 Rc8 15. c3 Bxd5 16. Qxd5 Nf6 17. Qd3 h6 18. h3 Qc7 19. g4 d5 20. g5 hxg5 21. Nxg5 dxe4 22. Qc2 Qc6 23. Qg2 Nd5 24. Rae1 g6 25. Kg1 Nxe3 0-1

[Event "Helsingor Xtracon op"]
[Site "Helsingor"]
[Date "2017.07.26"]
[Round "6"]
[White "Merkesvik, Amalie Isabel"]
[Black "Thybo, Thomas Sondergaard"]
[Result "0-1"]
[WhiteElo "1754"]
[BlackElo "1999"]
[PlyCount "64"]
[EventDate "2017.07.22"]
[EventType "swiss"]
[EventRounds "10"]
[EventCountry "DEN"]
[SourceTitle "CBM 179 Extra"]
[Source "ChessBase"]
[SourceDate "2017.08.23"]
[SourceVersion "1"]
[SourceVersionDate "2017.08.23"]
[SourceQuality "1"]

1. e4 c6 2. d4 d5 3. exd5 cxd5 4. Bd3 Nc6 5. c3 Qc7 6. Ne2 Bg4 7. f3 Bd7 8. Bf4 e5 9. dxe5 Nxe5 10. 0-0 Bd6 11. Kh1 Ne7 12. Bg3 0-0 13. Qc2 Nc4 14. Bxd6 Qxd6 15. Bxc4 dxc4 16. Nd4 Nd5 17. Qd2 a6 18. Na3 b5 19. Nac2 Nf4 20. Ne1 h5 21. Rd1 Qe5 22. Rf2 Rfe8 23. Kg1 Re7 24. Kf1 Rae8 25. Nec2 Nd3 26. f4 Qf6 27. Re2 Rxe2 28. Nxe2 Bg4 29. Ne3 Bxe2+ 30. Kxe2 Qxf4 31. Rf1 Qg4+ 32. Rf3 Qxg2+ 0-1

[Event "Helsingor Xtracon op"]
[Site "Helsingor"]
[Date "2017.07.25"]
[Round "5"]
[White "French, Max"]
[Black "Merkesvik, Amalie Isabel"]
[Result "1/2-1/2"]
[WhiteElo "2001"]
[BlackElo "1754"]
[PlyCount "50"]
[EventDate "2017.07.22"]
[EventType "swiss"]
[EventRounds "10"]
[EventCountry "DEN"]
[SourceTitle "CBM 179 Extra"]
[Source "ChessBase"]
[SourceDate "2017.08.23"]
[SourceVersion "1"]
[SourceVersionDate "2017.08.23"]
[SourceQuality "1"]

1. d4 d5 2. c4 c6 3. cxd5 cxd5 4. Nc3 e6 5. Bf4 Nc6 6. e3 Bd6 7. Bxd6 Qxd6 8. f4 Nge7 9. Nf3 Bd7 10. Bd3 f6 11. 0-0 0-0 12. a3 Be8 13. b4 a6 14. Nd2 Bf7 15. Nb3 e5 16. Na4 b5 17. Nac5 exd4 18. exd4 Nc8 19. Qc2 h6 20. Rac1 Nd8 21. Na5 Nb6 22. Bf5 Nc4 23. Rf3 Re8 24. Qd3 Ra7 25. Bc8 Bh5 1/2-1/2

[Event "Helsingor Xtracon op"]
[Site "Helsingor"]
[Date "2017.07.23"]
[Round "3"]
[White "Saren, Bjorn"]
[Black "Merkesvik, Amalie Isabel"]
[Result "1/2-1/2"]
[WhiteElo "2051"]
[BlackElo "1754"]
[PlyCount "52"]
[EventDate "2017.07.22"]
[EventType "swiss"]
[EventRounds "10"]
[EventCountry "DEN"]
[SourceTitle "CBM 179 Extra"]
[Source "ChessBase"]
[SourceDate "2017.08.23"]
[SourceVersion "1"]
[SourceVersionDate "2017.08.23"]
[SourceQuality "1"]

1. e4 c5 2. Nf3 d6 3. d4 cxd4 4. Nxd4 Nf6 5. Nc3 a6 6. Rg1 e6 7. g4 b5 8. g5 Nfd7 9. a3 Bb7 10. Be3 Nc6 11. Qd2 Rc8 12. 0-0-0 Qc7 13. f4 b4 14. axb4 Nxb4 15. Kb1 Nc5 16. Bg2 Qa5 17. Nb3 Nxb3 18. cxb3 Bc6 19. Qf2 Bb5 20. Bf1 Bc6 21. Rd4 d5 22. exd5 Bxd5 23. Bc4 Bxc4 24. Rxc4 Rxc4 25. bxc4 Qf5+ 26. Ka1 Qa5+ 1/2-1/2

[Event "Oslo Sveins op 10th"]
[Site "Oslo"]
[Date "2017.06.26"]
[Round "6"]
[White "Merkesvik, Amalie Isabel"]
[Black "Omtvedt, Per"]
[Result "1/2-1/2"]
[WhiteElo "1782"]
[BlackElo "1934"]
[PlyCount "22"]
[EventDate "2017.06.23"]
[EventType "swiss"]
[EventRounds "9"]
[EventCountry "NOR"]
[SourceTitle "CBM 179 Extra"]
[Source "ChessBase"]
[SourceDate "2017.08.23"]
[SourceVersion "1"]
[SourceVersionDate "2017.08.23"]
[SourceQuality "1"]

1. e4 Nf6 2. Nc3 d5 3. exd5 Nxd5 4. Nxd5 Qxd5 5. d4 Nc6 6. Nf3 Bg4 7. Be2 e6 8. Bf4 Bd6 9. Bxd6 Qxd6 10. c3 0-0 11. 0-0 Rfd8 1/2-1/2

[Event "Oslo Sveins op 10th"]
[Site "Oslo"]
[Date "2017.06.24"]
[Round "2"]
[White "Merkesvik, Amalie Isabel"]
[Black "Landsverk, Ida"]
[Result "1/2-1/2"]
[WhiteElo "1782"]
[BlackElo "1415"]
[PlyCount "101"]
[EventDate "2017.06.23"]
[EventType "swiss"]
[EventRounds "9"]
[EventCountry "NOR"]
[SourceTitle "CBM 179 Extra"]
[Source "ChessBase"]
[SourceDate "2017.08.23"]
[SourceVersion "1"]
[SourceVersionDate "2017.08.23"]
[SourceQuality "1"]

1. e4 c5 2. Nf3 d6 3. d4 cxd4 4. Nxd4 Nf6 5. Nc3 a6 6. Be2 e5 7. Nb3 Be6 8. Be3 Be7 9. 0-0 0-0 10. Kh1 b5 11. f3 Nbd7 12. Qd2 Nb6 13. Bxb6 Qxb6 14. Nd1 d5 15. exd5 Nxd5 16. c4 Nf4 17. Nc3 Rfd8 18. Nd5 Nxd5 19. cxd5 Bxd5 20. Qc3 f6 21. Rac1 Rd7 22. Rfd1 Rad8 23. Nd2 Bb7 24. Nf1 Qf2 25. Ng3 Rxd1+ 26. Bxd1 Rc8 27. Bb3+ Kf8 28. Qe1 Rxc1 29. Qxc1 Qc5 30. Qd1 Qd4 31. Qxd4 exd4 32. Kg1 Bc5 33. Kf1 g6 34. Ke2 Ke7 35. Kd3 Kd6 36. Ne2 Bd5 37. Nxd4 Bxd4 38. Kxd4 Bxb3 39. axb3 a5 40. h4 h5 41. g4 Kc6 42. gxh5 gxh5 43. f4 a4 44. b4 Kd6 45. Ke4 Ke6 46. f5+ Kd6 47. Kd4 Kc6 48. Ke4 Kd6 49. Kd4 Kc6 50. Ke4 Kd6 51. Kd4 1/2-1/2

[Event "Oslo Sveins op 10th"]
[Site "Oslo"]
[Date "2017.06.24"]
[Round "3"]
[White "Sidali, Elias Hulleberg"]
[Black "Merkesvik, Amalie Isabel"]
[Result "1/2-1/2"]
[WhiteElo "1675"]
[BlackElo "1782"]
[PlyCount "43"]
[EventDate "2017.06.23"]
[EventType "swiss"]
[EventRounds "9"]
[EventCountry "NOR"]
[SourceTitle "CBM 179 Extra"]
[Source "ChessBase"]
[SourceDate "2017.08.23"]
[SourceVersion "1"]
[SourceVersionDate "2017.08.23"]
[SourceQuality "1"]

1. e4 c5 2. Nf3 d6 3. d4 cxd4 4. Qxd4 Nd7 5. Bc4 e6 6. 0-0 Ngf6 7. Nc3 a6 8. a4 Be7 9. Bg5 0-0 10. Bh4 b6 11. Bg3 e5 12. Qe3 Bb7 13. Nd5 Nxd5 14. Bxd5 Bxd5 15. exd5 Nf6 16. c4 Qc7 17. Nd2 Rfc8 18. f4 Qd7 19. fxe5 dxe5 20. Qxe5 Bc5+ 21. Kh1 Re8 22. Qf5 1/2-1/2

[Event "Hordaland-ch NGP"]
[Site "Bergen"]
[Date "2017.05.25"]
[Round "1"]
[White "Merkesvik, Amalie Isabel"]
[Black "Hina, Ariza"]
[Result "1-0"]
[WhiteElo "1665"]
[BlackElo "1381"]
[PlyCount "67"]
[EventDate "2017.05.25"]
[EventType "swiss"]
[EventRounds "6"]
[EventCountry "NOR"]
[SourceTitle "EXT 2024"]
[Source "ChessBase"]
[SourceDate "2023.10.10"]
[SourceVersion "1"]
[SourceVersionDate "2023.10.10"]
[SourceQuality "1"]

1. e4 e5 2. Nf3 Nc6 3. Bc4 Nf6 4. d3 Bc5 5. c3 d6 6. a4 Be6 7. Bxe6 fxe6 8. b4 Bxf2+ 9. Kxf2 Ng4+ 10. Ke1 0-0 11. h3 Nf6 12. Be3 Qe8 13. Nbd2 Qf7 14. Ng5 Qe8 15. Qe2 h6 16. Ngf3 Nh5 17. Nf1 Nf4 18. Bxf4 exf4 19. N1d2 e5 20. Nh4 Ne7 21. Qg4 Qf7 22. g3 g5 23. gxf4 exf4 24. Nhf3 Kh7 25. h4 gxh4 26. Qxh4 Qg7 27. Ng5+ Kg8 28. Qxh6 Qxh6 29. Rxh6 Kg7 30. Rh7+ Kf6 31. Ndf3 a5 32. Kd2 axb4 33. cxb4 Rg8 34. Rf1 1-0

[Event "Fagernes TV2 Elo op"]
[Site "Fagernes"]
[Date "2017.04.15"]
[Round "8"]
[White "Ranby, Hans"]
[Black "Merkesvik, Amalie Isabel"]
[Result "1/2-1/2"]
[WhiteElo "1891"]
[BlackElo "1714"]
[PlyCount "66"]
[EventDate "2017.04.09"]
[EventType "swiss"]
[EventRounds "9"]
[EventCountry "NOR"]
[SourceTitle "CBM 177 Extra"]
[Source "ChessBase"]
[SourceDate "2017.04.27"]
[SourceVersion "1"]
[SourceVersionDate "2017.04.27"]
[SourceQuality "1"]

1. Nc3 c5 2. Nf3 d6 3. d4 cxd4 4. Nxd4 g6 5. g3 Bg7 6. Bg2 Nf6 7. 0-0 0-0 8. Bg5 Qd7 9. Qd2 Re8 10. Rad1 Nc6 11. Bxf6 Bxf6 12. e3 Rb8 13. b3 Nxd4 14. exd4 b6 15. Nd5 Bg7 16. Qf4 Bb7 17. c4 Bc6 18. Rfe1 Rbc8 19. Qh4 e6 20. Nf6+ Bxf6 21. Qxf6 Bxg2 22. Kxg2 d5 23. Qe5 dxc4 24. bxc4 Qc6+ 25. d5 exd5 26. Qxd5 Rxe1 27. Rxe1 Qxc4 28. Re8+ Kg7 29. Qe5+ Kh6 30. Qe3+ Kg7 31. Qe5+ Kh6 32. Qe3+ Kg7 33. Qe5+ Kh6 1/2-1/2

[Event "Fagernes TV2 Elo op"]
[Site "Fagernes"]
[Date "2017.04.13"]
[Round "6"]
[White "Ayzenberg, Alena"]
[Black "Merkesvik, Amalie Isabel"]
[Result "0-1"]
[WhiteElo "1992"]
[BlackElo "1714"]
[PlyCount "68"]
[EventDate "2017.04.09"]
[EventType "swiss"]
[EventRounds "9"]
[EventCountry "NOR"]
[SourceTitle "CBM 177 Extra"]
[Source "ChessBase"]
[SourceDate "2017.04.27"]
[SourceVersion "1"]
[SourceVersionDate "2017.04.27"]
[SourceQuality "1"]

1. d4 d5 2. c4 c6 3. Nf3 Nf6 4. Qb3 Nbd7 5. cxd5 Nxd5 6. e4 N5f6 7. Bc4 e6 8. Nc3 Nb6 9. 0-0 Be7 10. Bf4 0-0 11. Rad1 Nh5 12. Be3 Qc7 13. e5 g6 14. Ne4 Ng7 15. Bg5 Nxc4 16. Qxc4 Bxg5 17. Nfxg5 Ne8 18. Qb3 Qe7 19. f4 f6 20. exf6 Nxf6 21. Nxf6+ Qxf6 22. Qh3 Qe7 23. Qh6 Qg7 24. Qh4 Bd7 25. Rfe1 Rad8 26. h3 Bc8 27. Kh1 b6 28. Re5 Rf5 29. Nxe6 Bxe6 30. Qxd8+ Rf8 31. Qd6 Bxa2 32. Re7 Qh6 33. Rxa7 Bd5 34. Rf1 Qxh3+ 0-1

[Event "EU-ch U14 Girls 26th"]
[Site "Prague"]
[Date "2016.08.22"]
[Round "5"]
[White "Liiv, Kristiina"]
[Black "Merkesvik, Amalie Isabel"]
[Result "1/2-1/2"]
[WhiteElo "1341"]
[BlackElo "1639"]
[PlyCount "84"]
[EventDate "2016.08.18"]
[EventType "swiss"]
[EventRounds "9"]
[EventCountry "CZE"]
[SourceTitle "CBM 174 Extra"]
[Source "ChessBase"]
[SourceDate "2016.10.10"]
[SourceVersion "1"]
[SourceVersionDate "2016.10.10"]
[SourceQuality "1"]

1. c4 Nf6 2. Nc3 c6 3. Nf3 d5 4. cxd5 cxd5 5. d4 Nc6 6. e3 Bf5 7. Be2 e6 8. 0-0 Be7 9. Nh4 Bg6 10. Nxg6 hxg6 11. b3 Bd6 12. h3 a6 13. Bb2 Rc8 14. Rc1 Bc7 15. Ba3 Ne7 16. Rc2 0-0 17. Qa1 Bd6 18. Bxd6 Qxd6 19. Rfc1 b5 20. a4 b4 21. Nd1 a5 22. Rxc8 Rxc8 23. Rxc8+ Nxc8 24. Qc1 Ne7 25. Bb5 Kf8 26. f3 e5 27. dxe5 Qxe5 28. Qb2 Qc7 29. Qd2 Nf5 30. Bd3 Nd6 31. Qc2 Qxc2 32. Bxc2 Nb7 33. Nf2 Nc5 34. Nd3 Nxd3 35. Bxd3 Nd7 36. Kf2 Nc5 37. Bc2 Ke7 38. g4 Kd6 39. h4 Ne6 40. Bd3 Nc5 41. Bc2 Ne6 42. Bd3 Nc5 1/2-1/2

[Event "EU-ch U14 Girls 26th"]
[Site "Prague"]
[Date "2016.08.20"]
[Round "3"]
[White "Bogdanic, Katarina"]
[Black "Merkesvik, Amalie Isabel"]
[Result "1-0"]
[WhiteElo "1883"]
[BlackElo "1639"]
[PlyCount "79"]
[EventDate "2016.08.18"]
[EventType "swiss"]
[EventRounds "9"]
[EventCountry "CZE"]
[SourceTitle "CBM 174 Extra"]
[Source "ChessBase"]
[SourceDate "2016.10.10"]
[SourceVersion "1"]
[SourceVersionDate "2016.10.10"]
[SourceQuality "1"]

1. c4 Nf6 2. Nf3 c6 3. g3 d5 4. Bg2 Bf5 5. 0-0 e6 6. d4 Be7 7. Nc3 h6 8. Qb3 Qc8 9. cxd5 cxd5 10. Bf4 a6 11. Rac1 Nc6 12. Na4 Bd8 13. Ne5 Nd7 14. Nxd7 Qxd7 15. Nc5 Na5 16. Qe3 Qe7 17. Qa3 b6 18. Qa4+ b5 19. Qd1 0-0 20. b3 Bb6 21. Qd2 Rfc8 22. e4 dxe4 23. Nxe4 Bxe4 24. Bxe4 Rxc1 25. Rxc1 Rd8 26. Be3 f5 27. Bg2 Nb7 28. d5 Bxe3 29. Qxe3 Rd6 30. dxe6 Nd8 31. Qe5 Qxe6 32. Qc3 Qe2 33. Bf3 Qe7 34. Re1 Qd7 35. Kg2 Ne6 36. Qe5 Nd4 37. Rd1 Kf8 38. h3 Qe7 39. Qc5 Qd7 40. Rxd4 1-0

[Event "Helsingor Xtracon op"]
[Site "Helsingor"]
[Date "2016.07.26"]
[Round "5"]
[White "Merkesvik, Amalie Isabel"]
[Black "Hjornevik, Knut Jarle"]
[Result "0-1"]
[WhiteElo "1574"]
[BlackElo "1945"]
[PlyCount "96"]
[EventDate "2016.07.23"]
[EventType "swiss"]
[EventRounds "10"]
[EventCountry "DEN"]
[SourceTitle "CBM 173 Extra"]
[Source "ChessBase"]
[SourceDate "2016.08.29"]
[SourceVersion "1"]
[SourceVersionDate "2016.08.29"]
[SourceQuality "1"]

1. e4 e6 2. d4 d5 3. Nc3 Bb4 4. exd5 exd5 5. Bd3 Ne7 6. a3 Bd6 7. h3 Nbc6 8. Nf3 a6 9. 0-0 Be6 10. Re1 Qd7 11. b4 b5 12. Ne5 Bxe5 13. dxe5 Ng6 14. f4 Nge7 15. Ne2 g5 16. c3 gxf4 17. Nxf4 Ng6 18. Qh5 0-0-0 19. Nxe6 fxe6 20. a4 d4 21. axb5 dxc3 22. bxc6 Qxd3 23. Bg5 Rd5 24. Qe2 Qxe2 25. Rxe2 a5 26. Rc2 Nxe5 27. Rxc3 Nxc6 28. Rxc6 Rxg5 29. Rxe6 Kd7 30. Re4 axb4 31. Rxb4 Rhg8 32. Rb2 R8g7 33. Rd2+ Kc8 34. Rc1 R5g6 35. Kh2 c6 36. g4 Kc7 37. Rc4 Rd7 38. Rxd7+ Kxd7 39. Kg3 Kd6 40. h4 Kd5 41. Rf4 Rg7 42. Rf5+ Kc4 43. Rf4+ Kb5 44. Rf5+ c5 45. g5 Kb4 46. Rf1 c4 47. Kg4 c3 48. h5 c2 0-1

[Event "Oslo Sveins op 9th"]
[Site "Oslo"]
[Date "2016.06.24"]
[Round "2"]
[White "Eng, Rachael"]
[Black "Merkesvik, Amalie Isabel"]
[Result "1-0"]
[WhiteElo "1857"]
[BlackElo "1584"]
[PlyCount "81"]
[EventDate "2016.06.24"]
[EventType "swiss"]
[EventRounds "9"]
[EventCountry "NOR"]
[SourceTitle "CBM 173 Extra"]
[Source "ChessBase"]
[SourceDate "2016.08.29"]
[SourceVersion "1"]
[SourceVersionDate "2016.08.29"]
[SourceQuality "1"]

1. d4 d5 2. Nf3 Nf6 3. Bf4 c6 4. h3 Bf5 5. e3 h6 6. c4 dxc4 7. Bxc4 e6 8. Nc3 Nbd7 9. 0-0 Be7 10. Re1 Nb6 11. Bb3 Bb4 12. Rc1 0-0 13. Bh2 Ne4 14. Ne5 Nxc3 15. bxc3 Ba3 16. e4 Bh7 17. Rc2 c5 18. f3 Rc8 19. Nc4 Nxc4 20. Bxc4 cxd4 21. cxd4 Qb6 22. Kh1 Rfd8 23. Bg1 Qb4 24. Bb3 Rxc2 25. Bxc2 Kh8 26. Bb3 Rc8 27. Qe2 a5 28. Rb1 Qc3 29. Qd1 b5 30. Qe2 b4 31. Rd1 Bg8 32. Qb5 Qc7 33. d5 exd5 34. exd5 Qd6 35. Bh2 Qd8 36. d6 Rc1 37. d7 Rxd1+ 38. Bxd1 f6 39. Qc6 Qe7 40. Qc8 Qe1+ 41. Bg1 1-0

[Event "NOR-ch U16/18 Girls"]
[Site "Oslo"]
[Date "2016.02.12"]
[Round "2"]
[White "Agdestein, Victoria"]
[Black "Merkesvik, Amalie Isabel"]
[Result "0-1"]
[WhiteElo "804"]
[BlackElo "1420"]
[PlyCount "40"]
[EventDate "2016.02.12"]
[EventType "swiss"]
[EventRounds "5"]
[EventCountry "NOR"]
[SourceTitle "EXT 2024"]
[Source "ChessBase"]
[SourceDate "2023.10.10"]
[SourceVersion "1"]
[SourceVersionDate "2023.10.10"]
[SourceQuality "1"]

1. e4 e5 2. Nf3 Nc6 3. Nc3 Bc5 4. Bc4 Nf6 5. d3 h6 6. 0-0 0-0 7. a3 d6 8. h3 Re8 9. b4 Bb6 10. Bb2 a6 11. Bd5 Bd7 12. Bxc6 Bxc6 13. Ne2 Bd7 14. Re1 Qc8 15. g4 Bxg4 16. hxg4 Qxg4+ 17. Ng3 Qxg3+ 18. Kh1 Bxf2 19. Rg1 Bxg1 20. Nxg1 Ng4 0-1

[Event "Fagernes TV 2 Elo op"]
[Site "Fagernes"]
[Date "2016.01.01"]
[Round "7"]
[White "Hina, Ariza"]
[Black "Merkesvik, Amalie Isabel"]
[Result "0-1"]
[WhiteElo "1364"]
[BlackElo "1600"]
[PlyCount "100"]
[EventDate "2015.12.27"]
[EventType "swiss"]
[EventRounds "9"]
[EventCountry "NOR"]
[SourceTitle "CBM 170 Extra"]
[Source "ChessBase"]
[SourceDate "2016.02.25"]
[SourceVersion "1"]
[SourceVersionDate "2016.02.25"]
[SourceQuality "1"]

1. e4 e5 2. Nc3 Nc6 3. f4 exf4 4. Nf3 d6 5. Bb5 Bd7 6. d3 Nf6 7. Bxf4 Be7 8. 0-0 0-0 9. Qe1 Re8 10. Bc4 h6 11. Bd2 Na5 12. Bb3 Nxb3 13. axb3 c6 14. Be3 Ng4 15. Rxa7 d5 16. Rxa8 Qxa8 17. e5 Bd6 18. Bd2 Nxe5 19. Nxe5 Bxe5 20. Qf2 Be6 21. d4 Bd6 22. Bf4 Qb8 23. Bxd6 Qxd6 24. Qf4 Qxf4 25. Rxf4 Ra8 26. g3 g6 27. Rf2 Bh3 28. Re2 Ra1+ 29. Kf2 Rf1+ 30. Ke3 Bg4 31. Rd2 Rf3+ 32. Ke2 Rxc3+ 33. Kf2 Rf3+ 34. Kg2 Rf6 35. h3 Bf3+ 36. Kh2 Be4 37. c3 Rf1 38. g4 g5 39. Kg3 Rg1+ 40. Kh2 Rf1 41. Kg3 Kg7 42. b4 Kg6 43. Re2 f5 44. gxf5+ Kxf5 45. Rd2 Rf3+ 46. Kh2 Kf4 47. Rg2 h5 48. Kg1 Rxh3 49. Rh2 Rxh2 50. Kxh2 Ke3 0-1

[Event "Fagernes TV 2 Elo op"]
[Site "Fagernes"]
[Date "2015.12.30"]
[Round "5"]
[White "Johansen, Kai Roger"]
[Black "Merkesvik, Amalie Isabel"]
[Result "1-0"]
[WhiteElo "1997"]
[BlackElo "1600"]
[PlyCount "125"]
[EventDate "2015.12.27"]
[EventType "swiss"]
[EventRounds "9"]
[EventCountry "NOR"]
[SourceTitle "CBM 170 Extra"]
[Source "ChessBase"]
[SourceDate "2016.02.25"]
[SourceVersion "1"]
[SourceVersionDate "2016.02.25"]
[SourceQuality "1"]

1. c4 c6 2. Nc3 Nf6 3. d4 d5 4. Nf3 dxc4 5. a4 Bf5 6. Ne5 e6 7. e3 Bb4 8. Bxc4 0-0 9. 0-0 Nbd7 10. Qb3 a5 11. Na2 Bd6 12. Bd3 Bxd3 13. Nxd3 Qc7 14. h3 Ne4 15. Nc3 Ndf6 16. Qc2 Rfd8 17. Ne2 Nd7 18. f3 Nef6 19. e4 e5 20. Be3 Rac8 21. Rac1 exd4 22. Nxd4 Ne5 23. Nf2 Ng6 24. Nf5 Bh2+ 25. Kh1 Bf4 26. Rfd1 Bxe3 27. Nxe3 Nh5 28. Nf5 Ng3+ 29. Nxg3 Qxg3 30. Ng4 Nf4 31. Ne3 Ne6 32. Rxd8+ Rxd8 33. Qc3 Qc7 34. Nf5 Rd7 35. Kg1 Qd8 36. Re1 Nd4 37. Ne3 Qg5 38. Kf1 Ne6 39. Rd1 Rxd1+ 40. Nxd1 Nf4 41. Ne3 Qd8 42. b3 h6 43. h4 b6 44. g3 Qd3+ 45. Qxd3 Nxd3 46. Nc4 Nc5 47. Nxb6 Nxb3 48. Nc4 Kf8 49. Ke2 Ke7 50. Kd1 c5 51. f4 f6 52. Kc2 Nd4+ 53. Kd3 Nc6 54. Ne3 Nd4 55. h5 Kd6 56. g4 Ne6 57. Nc4+ Kc7 58. f5 Nd4 59. Nxa5 Nf3 60. Nc4 Ng5 61. a5 Kb7 62. Nd6+ Ka6 63. Kc4 1-0

[Event "Fagernes TV 2 Elo op"]
[Site "Fagernes"]
[Date "2015.12.29"]
[Round "4"]
[White "Merkesvik, Amalie Isabel"]
[Black "Hanes, Sturle"]
[Result "1-0"]
[WhiteElo "1600"]
[BlackElo "1214"]
[PlyCount "115"]
[EventDate "2015.12.27"]
[EventType "swiss"]
[EventRounds "9"]
[EventCountry "NOR"]
[SourceTitle "CBM 170 Extra"]
[Source "ChessBase"]
[SourceDate "2016.02.25"]
[SourceVersion "1"]
[SourceVersionDate "2016.02.25"]
[SourceQuality "1"]

1. e4 e5 2. Nf3 Nc6 3. Bc4 Nf6 4. Nc3 Bc5 5. 0-0 0-0 6. d3 Na5 7. Nxe5 Nxc4 8. Nxc4 d6 9. Bg5 h6 10. Bh4 Bg4 11. Qd2 c6 12. Rae1 Bd4 13. Ne3 Be6 14. Kh1 g5 15. Bg3 Nh5 16. a3 Nxg3+ 17. fxg3 Rc8 18. b3 Qa5 19. b4 Qxa3 20. Ne2 Bg7 21. c3 Qa6 22. Nd4 Bxd4 23. cxd4 b6 24. Nf5 Bxf5 25. Rxf5 Kg7 26. Ref1 Rc7 27. Rf6 Qc8 28. R1f5 Rg8 29. Rxd6 c5 30. dxc5 bxc5 31. Qc3+ Kf8 32. Rxc5 Rxc5 33. Qxc5 Qxc5 34. bxc5 Ke7 35. Ra6 Ra8 36. Kg1 Kd7 37. Kf2 Kc7 38. Ke3 Kb7 39. Ra5 Rc8 40. d4 Rc7 41. d5 f6 42. Kd4 h5 43. d6 Rf7 44. Kd5 Rf8 45. d7 a6 46. Ke6 Ra8 47. Kxf6 Rg8 48. Kf7 Rd8 49. Ke7 Kc7 50. c6 Ra8 51. e5 Rh8 52. Rxa6 Rh7+ 53. Ke6 Rh6+ 54. Kd5 Rxc6 55. Rxc6+ Kxd7 56. e6+ Kd8 57. Kd6 Ke8 58. Rc8# 1-0

[Event "Politiken Cup 37th"]
[Site "Helsingor"]
[Date "2015.07.27"]
[Round "4"]
[White "Hansen, Anders1111"]
[Black "Merkesvik, Amalie Isabel"]
[Result "1/2-1/2"]
[WhiteElo "1704"]
[BlackElo "1461"]
[PlyCount "107"]
[EventDate "2015.07.25"]
[EventType "swiss"]
[EventRounds "10"]
[EventCountry "DEN"]
[SourceTitle "CBM 167 Extra"]
[Source "ChessBase"]
[SourceDate "2015.09.14"]
[SourceVersion "1"]
[SourceVersionDate "2015.09.14"]
[SourceQuality "1"]

1. b3 Nc6 2. Bb2 e5 3. e3 Nf6 4. Bb5 d6 5. d4 Bd7 6. Nc3 a6 7. dxe5 Nxe5 8. Bxd7+ Qxd7 9. Nf3 Nc6 10. 0-0 Be7 11. Nd5 0-0-0 12. Nxe7+ Qxe7 13. Nd4 Qe4 14. a3 h5 15. Re1 Nxd4 16. exd4 Qf4 17. g3 Qh6 18. Qd3 h4 19. Qf5+ Kb8 20. Bc1 Qg6 21. Qxg6 fxg6 22. Bg5 hxg3 23. hxg3 Rh5 24. Bd2 Rdh8 25. Kg2 Rh2+ 26. Kf3 d5 27. Re7 Rf8 28. Re2 Ne4+ 29. Ke3 Nxf2 30. Bb4 Re8+ 31. Kf3 Rxe2 32. Kxe2 Ne4+ 33. Kd3 Rh3 34. Rf1 Rxg3+ 35. Ke2 Kc8 36. Rf8+ Kd7 37. Rf7+ Kc6 38. Rxg7 b6 39. Be1 Rg2+ 40. Kf1 Rxc2 41. Rxg6+ Kb7 42. Rh6 Nd2+ 43. Ke2 Nxb3+ 44. Kd3 Rc6 45. Rh5 Rd6 46. Kc3 Na5 47. Kd3 c5 48. dxc5 Rf6 49. cxb6 Kxb6 50. Bxa5+ Kxa5 51. Rxd5+ Ka4 52. Kc3 Rf3+ 53. Kb2 Rf2+ 54. Kc3 1/2-1/2

[Event "Politiken Cup 37th"]
[Site "Helsingor"]
[Date "2015.07.26"]
[Round "2"]
[White "Merkesvik, Amalie Isabel"]
[Black "Larsen, Arne Walther"]
[Result "1/2-1/2"]
[WhiteElo "1461"]
[BlackElo "1824"]
[PlyCount "44"]
[EventDate "2015.07.25"]
[EventType "swiss"]
[EventRounds "10"]
[EventCountry "DEN"]
[SourceTitle "CBM 167 Extra"]
[Source "ChessBase"]
[SourceDate "2015.09.14"]
[SourceVersion "1"]
[SourceVersionDate "2015.09.14"]
[SourceQuality "1"]

1. e4 g6 2. Nf3 Bg7 3. Nc3 d6 4. d4 c6 5. Be3 Nf6 6. h3 Nbd7 7. Be2 0-0 8. 0-0 b5 9. a3 a5 10. d5 cxd5 11. exd5 Ba6 12. b4 axb4 13. axb4 Bb7 14. Rxa8 Qxa8 15. Bxb5 Qa3 16. Qd3 Qxb4 17. Bxd7 Nxd7 18. Rb1 Qxc3 19. Qxc3 Bxc3 20. Rxb7 Rd8 21. Nd4 Bxd4 22. Bxd4 Kf8 1/2-1/2

[Event "Oslo Sveins op 8th"]
[Site "Oslo"]
[Date "2015.06.21"]
[Round "4"]
[White "Merkesvik, Amalie Isabel"]
[Black "Vestby Ellingsen, Mads"]
[Result "0-1"]
[WhiteElo "1406"]
[BlackElo "1836"]
[PlyCount "56"]
[EventDate "2015.06.19"]
[EventType "swiss"]
[EventRounds "9"]
[EventCountry "NOR"]
[SourceTitle "CBM 167 Extra"]
[Source "ChessBase"]
[SourceDate "2015.09.14"]
[SourceVersion "1"]
[SourceVersionDate "2015.09.14"]
[SourceQuality "1"]

1. e4 c5 2. Nf3 d6 3. d4 cxd4 4. Nxd4 Nf6 5. Nc3 a6 6. h3 e5 7. Nf3 Be7 8. Be3 Nbd7 9. Bc4 0-0 10. 0-0 b5 11. Bd3 Bb7 12. Qd2 Kh8 13. Rfe1 b4 14. Ne2 d5 15. exd5 e4 16. Bxe4 Nxe4 17. Qd4 Ndf6 18. Nf4 Bxd5 19. Nxd5 Qxd5 20. Rad1 Qxd4 21. Bxd4 Bc5 22. Bxc5 Nxc5 23. Rd4 a5 24. Re5 Ne6 25. Rd2 h6 26. Nd4 Rfd8 27. Nf3 Rxd2 28. Nxd2 Rc8 0-1